|
|
|
|
| LEADER |
02599nam a2200385 a 4500 |
| 001 |
12702789 |
| 003 |
BD-DhAAL |
| 008 |
100209s2009 njua b 001 0 eng d |
| 010 |
|
|
|a 2002025234
|
| 020 |
|
|
|a 9788131725450
|
| 020 |
|
|
|a 0130090565
|
| 040 |
|
|
|a DLC
|c DLC
|d DLC
|d DB-DhAAL
|
| 082 |
0 |
0 |
|a 332.64/5
|2 22
|
| 100 |
1 |
|
|a Hull, John,
|d 1946-
|9 40855
|
| 245 |
1 |
0 |
|a Options, futures & other derivatives /
|c John C. Hull.
|
| 246 |
3 |
|
|a Options, futures, and other derivatives
|
| 250 |
|
|
|a Seventh edition.
|
| 260 |
|
|
|a Upper Saddle River, NJ ;
|a New Delhi :
|b Pearson/Prentice Hall,
|c c2009.
|
| 300 |
|
|
|a xxii, 814 pages :
|b illustrations ;
|c 25 cm. +
|e 1 CD-ROM (4 3/4 in.)
|
| 490 |
0 |
|
|a Prentice Hall finance series
|
| 504 |
|
|
|a Includes bibliographical references and indexes.
|
| 526 |
|
|
|x Fahmida Saadia Rahman
Department of ESS.
Course name and no. N/A
|
| 538 |
|
|
|a System requirements for accompanying CD-ROM: Windows 95/98/2000/NT/ME/XP.
|
| 541 |
1 |
|
|a Paragon Enterprises
|e 00018347
|
| 650 |
|
0 |
|a Futures.
|
| 650 |
|
0 |
|a Stock options.
|9 40857
|
| 650 |
|
0 |
|a Derivative securities.
|
| 852 |
4 |
|
|a Ayesha Abed Library
|j General Shelf.
|
| 942 |
|
|
|2 ddc
|c BK
|
| 999 |
|
|
|c 7401
|d 7401
|
| 952 |
|
|
|0 0
|1 0
|2 ddc
|4 0
|6 332_645000000000000_HUL_2009
|7 0
|9 7913
|a BRACUL
|b BRACUL
|c GEN
|d 2010-02-09
|e Paragon Enterprise Ltd.
|g 518.00
|l 2
|m 26
|o 332.645 HUL
|p 3010018347
|r 2017-04-17
|s 2016-10-25
|t 1
|w 2010-02-09
|y BK
|x Requisitioned by Fahmida Saadia Rahman Department of ESS. Course name and no. N/A
|
| 952 |
|
|
|0 0
|1 0
|2 ddc
|4 0
|6 332_645000000000000_HUL_2009
|7 0
|9 7914
|a BRACUL
|b BRACUL
|c GEN
|d 2010-02-09
|e Paragon Enterprise Ltd.
|g 518.00
|l 0
|o 332.645 HUL
|p 3010018348
|r 2010-02-09
|t 2
|w 2010-02-09
|y BK
|x Requisitioned by Fahmida Saadia Rahman Department of ESS. Course name and no. N/A
|
| 952 |
|
|
|0 0
|1 0
|2 ddc
|4 0
|6 332_645000000000000_HUL_2009
|7 0
|9 7915
|a BRACUL
|b BRACUL
|c GEN
|d 2010-02-09
|e Paragon Enterprise Ltd.
|g 518.00
|l 0
|o 332.645 HUL
|p 3010018349
|r 2010-02-09
|t 3
|w 2010-02-09
|y BK
|x Requisitioned by Fahmida Saadia Rahman Department of ESS. Course name and no. N/A
|
| 952 |
|
|
|0 0
|1 0
|2 ddc
|4 0
|6 332_645000000000000_HUL_2009
|7 0
|9 7916
|a BRACUL
|b BRACUL
|c GEN
|d 2010-02-09
|e Paragon Enterprise Ltd.
|g 518.00
|l 5
|m 18
|o 332.645 HUL
|p 3010018350
|r 2015-12-24
|s 2015-08-26
|t 4
|w 2010-02-09
|y BK
|x Requisitioned by Fahmida Saadia Rahman Department of ESS. Course name and no. N/A
|
| 952 |
|
|
|0 0
|1 0
|2 ddc
|4 0
|6 332_645000000000000_HUL_2009
|7 0
|9 7917
|a BRACUL
|b BRACUL
|c GEN
|d 2010-02-09
|e Paragon Enterprise Ltd.
|g 518.00
|l 0
|o 332.645 HUL
|p 3010018351
|r 2010-02-09
|t 5
|w 2010-02-09
|y BK
|x Requisitioned by Fahmida Saadia Rahman Department of ESS. Course name and no. N/A
|